| 000 | 00793nam a22002657a 4500 | ||
|---|---|---|---|
| 999 |
_c165159 _d165159 |
||
| 003 | dpl | ||
| 005 | 20190610162332.0 | ||
| 008 | 161130b xxu||||| |||| 00| 0 eng d | ||
| 010 | _aB-078596 | ||
| 020 |
_c100.00 _a9780001002647 |
||
| 035 | _aB-078596 | ||
| 037 | _bCen Lib/Ret | ||
| 040 |
_aDPL _bEN _cTIT |
||
| 082 |
_a920 _bGRE |
||
| 245 |
_a100 great nineteenth century lives / _cedited by John Canning |
||
| 246 | _aOne Hundred great nineteenth century lives | ||
| 260 |
_aCalcutta _bRupa & Company _c1992 |
||
| 270 |
_a15, Bankim Chatterjee Street _bCalcutta _e700073 |
||
| 300 |
_a601p. _c20cm(Hb) |
||
| 500 | _aIncludes index | ||
| 650 |
_aBiography _97490 |
||
| 650 |
_aStatesmen _98466 |
||
| 700 |
_aCanning, John _930232 |
||
| 942 |
_2ddc _cEN _h920 _mGRE |
||